000 00442nam a2200169Ia 4500
008 230711s9999||||xx |||||||||||||| ||und||
041 _aENG
082 _a720
_bDI-T
100 _aDines,Nicholas T
245 0 _aTime-saver standards for landscape Architecture
250 _a1st . Ed.
260 _c2002
_aNew Delhi
_bTata McGraw Hill Education Limited
300 _a1600
650 _aArchitecture
700 _aBrown,Kyle D.
942 _cBK
999 _c4647
_d4647